Un mundo imaginario : (Record no. 178393)

MARC details
000 -CABECERA
campo de control de longitud fija 01807nab a2200253 a 4500
005 - FECHA Y HORA DE LA ÚLTIMA TRANSACCIÓN
campo de control 20210219162545.0
008 - ELEMENTOS DE LONGITUD FIJA--INFORMACIÓN GENERAL
campo de control de longitud fija 991125s1985 mx 000 0 spa u
035 ## - NÚMERO DE CONTROL DEL SISTEMA
Número de control de sistema UPN01000206292
049 ## - COLECCIÓN
Colección ART
100 1# - ASIENTO PRINCIPAL--NOMBRE PERSONAL
Nombre de persona Mignot, Ana Chrystina
100 1# - ASIENTO PRINCIPAL--NOMBRE PERSONAL
Filiación acmignot@terra.com.br
100 1# - ASIENTO PRINCIPAL--NOMBRE PERSONAL
Nombre de persona Silva, Alexandra Lima da
100 1# - ASIENTO PRINCIPAL--NOMBRE PERSONAL
Filiación alexandralima1075@gmail.com
222 #0 - TÍTULO CLAVE
Título clave REVISTA MEXICANA DE INVESTIGACION EDUCATIVA
245 00 - MENCIÓN DE TÍTULO
Título Un mundo imaginario :
Resto del título rastros autobiográficos en la escritura de Kaurin
300 ## - DESCRIPCIÓN FÍSICA
Extensión 153-169
362 0# - FECHAS DE PUBLICACIÓN Y/O DESIGNACIÓN SECUENCIAL
Fecha de publicación y/o designación secuencial 2015 Volumen 20, número 64, enero-marzo
520 ## - NOTA DE RESUMEN, ETC.
Sumario, etc. Este artículo se centra en la interpretación de los rastros autobiográficos en Kaurin, pequeños libros escritos por Edgar Sussekind de Mendonça en su infancia. Aunque no se trata de una obra propiamente autobiográfica –como las cartas, diarios y agendas– su autor se revela en ella, al crear un mundo fi cticio. La investigación se ocupa tanto de la forma como del contenido, buscando interpretar las huellas familiares y, sobre todo, las escolares, y las relacionadas con las prácticas de lectura; lo anterior lleva a dialogar con la historiografía de la educación, del libro y la lectura, y la de la cultura escrita, particularmente sobre los escritos infantiles, a sabiendas que los mismos no se restringen a las redacciones escolares. El análisis de estos textos permite entender los relatos como un refugio, en donde crear un mundo imaginario podría ser una forma de enfrentar los obstáculos de la vida, es decir, un mundo no desvinculado del “real”, con retoques y dosis de humor, creatividad y cierta erudición
653 0# - TERMINO DE INDIZACION - NO CONTROLADO
Término no controlado AUTOBIOGRAFIA
653 0# - TERMINO DE INDIZACION - NO CONTROLADO
Término no controlado LECTURA
653 0# - TERMINO DE INDIZACION - NO CONTROLADO
Término no controlado FAMILIA
856 4# - LOCALIZACIÓN Y ACCESO ELECTRÓNICOS
Identificador Uniforme del Recurso <a href="http://www.redalyc.org/articulo.oa?id=14032722008">http://www.redalyc.org/articulo.oa?id=14032722008</a>
905 ## - TIPO DE MATERIAL
Tipo de material Articulo

No items available.